Obálka Náhled e-knihy:
PDF Epub
Pro půjčování e-knih musíte být přihlášeni.
Jak si půjčit online?

Čo robila Zorka v stredu /

Zorka býva s mamičkou a babičkou Rózou v malom domčeku s krásnou záhradkou. Zorkinej kamarátke sa stratila korytnačka. A keďže je Zorka zvedavé a vynaliezavé dievčatko, rozhodne sa korytnačku nájsť. O tom, ako spoločne s kamarátmi vytvoria tím detektívov, sa dočítate v tomto príbehu....

Celý popis

Uloženo v:
Hlavní autor: Marchettová, Melina (Autor)
Médium: E-kniha
Jazyk:Czech
Vydáno: Praha : Albatros Media Slovakia s.r.o., 2026
Tagy:
Žádné tagy
LEADER 01324nam a22002297i 4500
001 302760
007 ta
008 260514s2026 xr ||||| |||| 00| 0 cze d
020 |a 9788056652329 
044 |a xr 
100 1 |a  Marchettová, Melina  |4 aut 
245 1 0 |a Čo robila Zorka v stredu /  |c  Marchettová, Melina 
240 1 0 |a What Zola Did on Wednesday 
264 1 |a Praha :  |b Albatros Media Slovakia s.r.o.,  |c 2026 
300 |a 1 online zdroj (96 stran) 
336 |a text  |b txt  |2 rdacontent 
337 |a bez média  |b n  |2 rdamedia 
338 |a online zdroj  |b cr  |2 rdacarrier 
520 2 |a Zorka býva s mamičkou a babičkou Rózou v malom domčeku s krásnou záhradkou. Zorkinej kamarátke sa stratila korytnačka. A keďže je Zorka zvedavé a vynaliezavé dievčatko, rozhodne sa korytnačku nájsť. O tom, ako spoločne s kamarátmi vytvoria tím detektívov, sa dočítate v tomto príbehu. 
910 |a RBIT002 
998 |d 427018  |a https://core.palmknihy.cz/api/books/427018/cover?tesgiq  |b https://core.palmknihy.cz/api/books/427018/cover/400?tesgiq  |c https://core.palmknihy.cz/api/books/427018/cover/50?tesgiq  |e 2030-11-12  |g 96  |i 9788056652329  |j https://core.palmknihy.cz/api/books/427018/preview.epub  |k https://core.palmknihy.cz/api/books/427018/preview.pdf  |l   |q 49  |r 1  |s https://www.palmknihy.cz/kniha/427018  |t ebook  |y 2026  |z 1 
999 |d 302758